00348 2200157 4500001002100000005001500021035002000036245003700056100001400093250000600107300001200113260003100125082000800156084001400164990001200178INLIS00000000000230520250528084710 a0010-05250005971 aKewarganegaraan XII /cBudiyanto0 aBudiyanto a1 a134 hlm aJakarta :bErlangga,c2004 a370 a370 BUD k a0612050